[Event "Deurne - Eynatten 2"]
[Site "?"]
[Date "2012.11.18"]
[Round "4.2"]
[White "Sadkowski, Daniel"]
[Black "Vanstreels, Luc"]
[Result "0-1"]
[WhiteElo "2338"]
[BlackElo "2122"]
[PlyCount "77"]
[EventDate "2012.??.??"]

1. c4 Nf6 2. Nf3 e6 3. g3 d5 4. Bg2 c5 5. O-O Nc6 6. cxd5 Nxd5 7. d4 Be7 8. Nc3
cxd4 9. Nxd5 exd5 10. Nxd4 O-O 11. Be3 Be6 12. Rc1 Rc8 13. Qa4 Nxd4 14. Bxd4 a6
15. e3 Qd6 16. Qa5 Rc6 17. Qd2 Rfc8 18. Bc3 h6 19. h3 Rc4 20. Rcd1 Rd8 21. Kh2
Qd7 22. Rc1 Bd6 23. Rfd1 Rh4 24. Kg1 Rh5 25. g4 Rh4 26. f3 Bg3 27. Ba5 Re8 28.
e4 Qd6 29. Bb4 Qf4 30. exd5 Qxd2 31. Rxd2 Bd7 32. Rdc2 h5 33. Rc7 Bb5 34. d6 a5
35. Bc5 b6 36. d7 Bxc7 37. dxe8=Q+ Bxe8 38. Bf2 Bf4 39. Re1 0-1

[Event "Deurne - Eynatten 1"]
[Site "?"]
[Date "2012.10.07"]
[Round "2.8"]
[White "Du Pont, David"]
[Black "Coenen, Norbert"]
[Result "0-1"]
[WhiteElo "2096"]
[BlackElo "2357"]
[PlyCount "140"]
[EventDate "2012.??.??"]
[WhiteTeam "Deurne 1"]
[BlackTeam "Eynatten 1"]
[WhiteTeamCountry "BEL"]
[BlackTeamCountry "BEL"]

1. d4 Nf6 2. Nc3 d5 3. Bg5 Bf5 4. e3 e6 5. Bd3 c6 6. Nf3 Be7 7. O-O O-O 8. Ne2
Ne4 9. Bxe7 Qxe7 10. Ng3 Nd7 11. c4 Bg6 12. Qb1 Nxg3 13. hxg3 dxc4 14. Bxg6
hxg6 15. Rc1 b5 16. b3 cxb3 17. Rxc6 bxa2 18. Qxb5 Rfb8 19. Qa4 Rb2 20. Rcc1
Nb6 21. Qa6 Nd5 22. Rxa2 Rxa2 23. Qxa2 a5 24. Ne5 a4 25. Nd3 a3 26. Rc4 Qa7 27.
Nc5 Qa5 28. Ra4 Qe1+ 29. Kh2 Rxa4 30. Nxa4 Qb4 31. Nc5 Qb2 32. Qb3 Qxf2 33.
Qxa3 Nxe3 34. Qa8+ Kh7 35. Qf3 Qxf3 36. gxf3 Nf5 37. Nb3 g5 38. Kg2 Kg6 39. Kf2
Ne7 40. Nd2 Nd5 41. g4 f6 42. Ne4 Kf7 43. Ke2 Ke7 44. Kd3 Nb6 45. Kc3 Kd7 46.
Kd3 Kc6 47. Ng3 Nd5 48. Kc4 Nf4 49. Ne4 Ng2 50. Nc5 Kd6 51. Ne4+ Kd7 52. Kc5
Ne1 53. Nd2 Nd3+ 54. Kc4 Nf4 55. Ne4 Kc6 56. Nc5 f5 57. Nxe6 Nxe6 58. d5+ Kd6
59. dxe6 Kxe6 60. Kd4 g6 61. gxf5+ Kxf5 62. Ke3 g4 63. Kf2 Kf4 64. fxg4 Kxg4
65. Kg2 g5 66. Kg1 Kg3 67. Kh1 g4 68. Kg1 Kf3 69. Kf1 g3 70. Kg1 g2 0-1

[Event "Deurne - Eynatten 1"]
[Site "?"]
[Date "2012.10.07"]
[Round "2.6"]
[White "Van Herck, Marcel"]
[Black "Sielicki, Christof"]
[Result "1/2-1/2"]
[WhiteElo "2144"]
[BlackElo "2412"]
[PlyCount "82"]
[EventDate "2012.??.??"]
[WhiteTeam "Deurne 1"]
[BlackTeam "Eynatten 1"]
[WhiteTeamCountry "BEL"]
[BlackTeamCountry "BEL"]

1. e4 e5 2. f4 exf4 3. Bc4 d5 4. Bxd5 Nf6 5. Nc3 Nxd5 6. Nxd5 g5 7. h4 c6 8.
Nc3 g4 9. d3 Qf6 10. Qd2 Bb4 11. Nge2 f3 12. gxf3 gxf3 13. Qf4 Qxf4 14. Nxf4
Nd7 15. Kf2 Rg8 16. Be3 Ne5 17. Rag1 Bg4 18. h5 O-O-O 19. d4 Nc4 20. Nd3 Bxc3
21. bxc3 Nd6 22. Nc5 b6 23. e5 bxc5 24. exd6 Rxd6 25. Rb1 Re8 26. Kg3 Rxe3 27.
Kxg4 Rxc3 28. dxc5 Rd5 29. Rhe1 Rc4+ 30. Kxf3 Rf5+ 31. Kg3 Rfxc5 32. Re7 Rg5+
33. Kf3 Rf5+ 34. Kg3 Rg5+ 35. Kf3 Rf5+ 36. Kg3 Rxh5 37. Rbb7 Rg5+ 38. Kf3 Rf5+
39. Kg3 Rg5+ 40. Kf3 Rf5+ 41. Kg3 Rg5+ 1/2-1/2

[Event "Deurne - Eynatten 1"]
[Site "?"]
[Date "2012.10.07"]
[Round "2.4"]
[White "Minyeyevtsev, Semen"]
[Black "Hammes, Michael"]
[Result "1/2-1/2"]
[WhiteElo "2213"]
[BlackElo "2427"]
[PlyCount "63"]
[EventDate "2012.??.??"]
[WhiteTeam "Deurne 1"]
[BlackTeam "Eynatten 1"]
[WhiteTeamCountry "BEL"]
[BlackTeamCountry "BEL"]

1. e4 e6 2. d4 d5 3. Nc3 Nf6 4. Bg5 Be7 5. e5 Nfd7 6. Bxe7 Qxe7 7. f4 a6 8. Nf3
c5 9. dxc5 Nc6 10. Bd3 Qxc5 11. Qd2 b5 12. a3 Nb6 13. Qf2 Qxf2+ 14. Kxf2 Bd7
15. Rhe1 Ke7 16. Ne2 Na4 17. b3 Nc5 18. Ned4 h5 19. h4 f5 20. exf6+ gxf6 21.
Nxc6+ Bxc6 22. Nd4 Kd6 23. b4 Nxd3+ 24. cxd3 Bd7 25. Nb3 e5 26. Nc5 Bc6 27. d4
e4 28. Nb3 Bd7 29. Rac1 Rhg8 30. Rc3 Rac8 31. Nc5 Rc6 32. Rec1 1/2-1/2

[Event "Deurne - Eynatten 1"]
[Site "?"]
[Date "2012.10.07"]
[Round "2.2"]
[White "Rooze, Jan"]
[Black "Roeder, Mathias"]
[Result "1/2-1/2"]
[WhiteElo "2316"]
[BlackElo "2464"]
[PlyCount "89"]
[EventDate "2012.??.??"]
[WhiteTeam "Deurne 1"]
[BlackTeam "Eynatten 1"]
[WhiteTeamCountry "BEL"]
[BlackTeamCountry "BEL"]

1. e4 c5 2. Nf3 d6 3. d4 cxd4 4. Nxd4 Nf6 5. Nc3 a6 6. Bc4 e6 7. O-O b5 8. Bb3
Be7 9. Qf3 Qc7 10. Qg3 Nc6 11. Nxc6 Qxc6 12. Re1 Bb7 13. a3 Rd8 14. Qxg7 Rg8
15. Qh6 d5 16. a4 Rg6 17. Qh3 d4 18. axb5 axb5 19. Nxb5 Nxe4 20. f3 Nc5 21. Bc4
Qxf3 22. Nc7+ Kd7 23. Qxf3 Bxf3 24. Ra7 Rxg2+ 25. Kf1 Bh4 26. Nxe6+ Kc8 27.
Rc7+ Kb8 28. Rxf7 Rf2+ 29. Kg1 Nxe6 30. Rxf3 Rxf3 31. Rxe6 Rg8+ 32. Kh1 Bf2 33.
Rb6+ Kc7 34. Bxg8 Kxb6 35. Kg2 Rf8 36. Bxh7 Be3 37. Bxe3 dxe3 38. Bd3 Kc5 39.
h4 Kd4 40. Kg3 Rb8 41. h5 Rxb2 42. h6 Kc3 43. h7 Rb8 44. Kf4 Kd2 45. Kg5
1/2-1/2

[Event "Deurne - CREC"]
[Site "?"]
[Date "2012.12.02"]
[Round "5.8"]
[White "Du Pont, David"]
[Black "Bauduin, Etienne"]
[Result "0-1"]
[WhiteElo "2096"]
[BlackElo "2249"]
[PlyCount "45"]
[EventDate "2012.12.02"]

1. e4 e6 2. Nc3 d5 3. Nf3 Nf6 4. e5 Nfd7 5. d4 c5 6. dxc5 Nc6 7. Bf4 a6 8. Bd3
Nxc5 9. O-O Be7 10. Ne2 f5 11. exf6 Bxf6 12. Ng3 O-O 13. Nh5 Bxb2 14. Rb1 Bc3
15. Rb3 Nxb3 16. Bxh7+ Kh8 17. cxb3 e5 18. Bg5 Qe8 19. Ng3 Kxh7 20. Qc2+ e4 21.
Qxc3 exf3 22. Qd3+ Qg6 23. Qxd5 0-1

[Event "Deurne - CREC"]
[Site "?"]
[Date "2012.12.02"]
[Round "5.6"]
[White "Tolk, Pieter"]
[Black "Godart, Francois"]
[Result "1-0"]
[WhiteElo "2153"]
[BlackElo "2302"]
[PlyCount "85"]
[EventDate "2012.12.02"]

1. d4 f5 2. Nf3 d6 3. h4 Nf6 4. Bg5 Nbd7 5. e3 e6 6. Bd3 Be7 7. Nbd2 d5 8. c4
Ne4 9. Bf4 c6 10. a3 O-O 11. Rc1 Bf6 12. b4 Qe7 13. Qb3 Kh8 14. Qb2 Nxd2 15.
Kxd2 dxc4 16. Rxc4 a5 17. b5 Nb6 18. Rc2 c5 19. Be5 cxd4 20. Qxd4 Nd5 21. Bxf6
gxf6 22. Qc5 Qg7 23. g3 Rd8 24. Ke2 b6 25. Qc4 Bb7 26. Rhc1 Qd7 27. Nd4 Rac8
28. Nc6 Bxc6 29. bxc6 Qd6 30. Qb3 a4 31. Qb2 Nf4+ 32. gxf4 Qxd3+ 33. Ke1 e5 34.
Rd2 Qe4 35. Rxd8+ Rxd8 36. c7 Rc8 37. Qd2 Qb7 38. fxe5 Rg8 39. Qd8 Qc8 40.
Qxf6+ Rg7 41. e6 h5 42. Qd8+ Rg8 43. e7 1-0

[Event "Deurne - CREC"]
[Site "?"]
[Date "2012.12.02"]
[Round "5.4"]
[White "Minyeyevtsev, Semen"]
[Black "Saibulatov, Daniyal"]
[Result "1/2-1/2"]
[WhiteElo "2213"]
[BlackElo "2344"]
[PlyCount "34"]
[EventDate "2012.12.02"]

1. e4 e6 2. d4 d5 3. Nc3 Bb4 4. exd5 exd5 5. Bd3 Nc6 6. Nge2 Nge7 7. O-O Bg4 8.
a3 Ba5 9. f3 Bh5 10. Be3 O-O 11. Na4 Bg6 12. c3 Bb6 13. Nf4 Na5 14. Nxg6 hxg6
15. Nxb6 axb6 16. Qc2 Nc4 17. Bf4 Qd7 1/2-1/2

[Event "Deurne - CREC"]
[Site "?"]
[Date "2012.12.02"]
[Round "5.2"]
[White "Sadkowski, Daniel"]
[Black "Houriez, Clément"]
[Result "1/2-1/2"]
[WhiteElo "2338"]
[BlackElo "2355"]
[PlyCount "26"]
[EventDate "2012.12.02"]

1. c4 Nf6 2. g3 c6 3. Nf3 d5 4. Bg2 dxc4 5. O-O Nbd7 6. Qc2 Nb6 7. a4 a5 8. Na3
Be6 9. Ng5 Bg4 10. Nxc4 Bxe2 11. Ne5 Bh5 12. b4 e6 13. b5 Bd6 1/2-1/2

[Event "Deurne - Borgerhout "]
[Site "?"]
[Date "2012.12.16"]
[Round "6.7"]
[White "Van Herck, Marcel"]
[Black "Talon, Alain"]
[Result "1/2-1/2"]
[WhiteElo "2144"]
[BlackElo "2100"]
[PlyCount "45"]
[EventDate "2012.??.??"]

1. d4 e6 2. c4 Bb4+ 3. Bd2 Bxd2+ 4. Nxd2 Nc6 5. Ngf3 d6 6. g3 Nf6 7. Bg2 O-O 8.
O-O a5 9. e4 e5 10. d5 Nb8 11. Qc2 Na6 12. a3 Bd7 13. b3 c6 14. dxc6 Bxc6 15.
Rfe1 Nc5 16. b4 axb4 17. axb4 Rxa1 18. Rxa1 Ncxe4 19. Nxe5 dxe5 20. Nxe4 Bxe4
21. Bxe4 Qd4 22. Re1 Rc8 23. Bxb7 1/2-1/2

[Event "Deurne - Borgerhout "]
[Site "?"]
[Date "2012.12.16"]
[Round "6.5"]
[White "Minyeyevtsev, Semen"]
[Black "Van Der Burch, Arie"]
[Result "1/2-1/2"]
[WhiteElo "2213"]
[BlackElo "2212"]
[PlyCount "28"]
[EventDate "2012.??.??"]

1. e4 e6 2. d3 d5 3. Nd2 Nf6 4. Ngf3 Nc6 5. c3 e5 6. Be2 Be7 7. Qc2 a5 8. Nf1
h6 9. Ng3 Be6 10. Bd2 Qd7 11. Rd1 O-O 12. a4 Rad8 13. O-O Rfe8 14. Kh1 Qc8
1/2-1/2

[Event "Deurne - Borgerhout "]
[Site "?"]
[Date "2012.12.16"]
[Round "6.3"]
[White "Rooze, Jan"]
[Black "De Haan, Eric"]
[Result "1/2-1/2"]
[WhiteElo "2316"]
[BlackElo "2362"]
[PlyCount "55"]
[EventDate "2012.??.??"]

1. c4 c5 2. g3 Nc6 3. Bg2 g6 4. Nc3 Bg7 5. Nf3 e5 6. O-O Nge7 7. a3 O-O 8. Rb1
a5 9. Ne1 d6 10. Nc2 a4 11. d3 Ra7 12. Bd2 Be6 13. Ne3 Nd4 14. Ned5 Nxd5 15.
Nxd5 Qd7 16. b4 axb3 17. e3 Nc6 18. Rxb3 Bh3 19. Bxh3 Qxh3 20. f4 exf4 21. gxf4
Re8 22. Qf3 Qxf3 23. Rxf3 Ne7 24. Nxe7+ Rxe7 25. f5 Be5 26. h3 Rd7 27. e4 f6
28. fxg6 1/2-1/2

[Event "Deurne - Borgerhout "]
[Site "?"]
[Date "2012.12.16"]
[Round "6.1"]
[White "Froeyman, Helmut"]
[Black "Docx, Stefan"]
[Result "0-1"]
[WhiteElo "2343"]
[BlackElo "2442"]
[PlyCount "100"]
[EventDate "2012.??.??"]

1. e4 c5 2. Nf3 d6 3. d4 cxd4 4. Nxd4 Nf6 5. Nc3 a6 6. Be2 e6 7. O-O Nbd7 8. f4
b5 9. Bf3 Bb7 10. e5 Bxf3 11. Nxf3 Ng4 12. Qe2 Qb6+ 13. Kh1 b4 14. Ne4 d5 15.
Nf2 Nxf2+ 16. Rxf2 Bc5 17. Rf1 O-O 18. f5 exf5 19. Bf4 Rfe8 20. Qd3 Qe6 21. Ng5
Qg6 22. Qxd5 h6 23. Nf3 Rad8 24. Rad1 Qb6 25. Qc4 Qe6 26. Qd3 Nf8 27. Qe2 Ng6
28. Bg3 Rxd1 29. Qxd1 f4 30. Bf2 Bxf2 31. Rxf2 Qxa2 32. b3 Qa5 33. h3 Nxe5 34.
Re2 Rd8 35. Qf1 Nxf3 36. Qxf3 g5 37. Qe4 Rd1+ 38. Kh2 Qc7 39. Qf3 Qc5 40. Rf2
Qd4 41. h4 Kg7 42. hxg5 hxg5 43. Qh5 f6 44. Qe2 Qd6 45. Qf3 Re1 46. Qg4 Qd1 47.
Qxd1 Rxd1 48. Re2 a5 49. Re7+ Kg6 50. Rc7 g4 0-1

[Event "Deurne - Anderlecht"]
[Site "?"]
[Date "2013.03.03"]
[Round "10.7"]
[White "Van Herck, Marcel"]
[Black "Spaan, Nathanael"]
[Result "1/2-1/2"]
[WhiteElo "2144"]
[BlackElo "2220"]
[PlyCount "111"]
[EventDate "2013.01.05"]

1. e4 c5 2. Nf3 d6 3. d4 cxd4 4. Nxd4 Nf6 5. Nc3 a6 6. Bg5 e6 7. Qe2 Be7 8. h4
h6 9. Be3 b5 10. a3 Bb7 11. f3 Nbd7 12. g4 d5 13. exd5 Nxd5 14. Nxd5 Bxd5 15.
O-O-O Qc7 16. Nf5 Bf6 17. Rh3 Qe5 18. Nd4 g5 19. hxg5 hxg5 20. Rxh8+ Bxh8 21.
Qd2 Bxf3 22. Re1 Bd5 23. c3 Nc5 24. Bf2 Be4 25. Bg2 Qd5 26. Bxe4 Nxe4 27. Qe2
Nxf2 28. Qxf2 Bxd4 29. cxd4 Rc8+ 30. Kb1 Ke7 31. Rf1 Qe4+ 32. Ka1 Qg6 33. d5
exd5 34. Qd4 Qe6 35. Rf5 Rc1+ 36. Ka2 Re1 37. Qa7+ Kf8 38. Qb8+ Ke7 39. Qc7+
Ke8 40. Qb8+ Ke7 41. Qc7+ Kf8 42. Qd8+ Qe8 43. Qxg5 Qc6 44. Qd8+ Re8 45. Qxd5
Qxd5+ 46. Rxd5 Re4 47. g5 Ke7 48. Rf5 Re6 49. Kb3 Kf8 50. Kb4 Kg7 51. Ka5 Kg6
52. Rc5 Rd6 53. b4 Re6 54. Rd5 Kg7 55. Rf5 Rg6 56. Rd5 1/2-1/2

[Event "Deurne - Anderlecht"]
[Site "?"]
[Date "2013.03.03"]
[Round "10.5"]
[White "Schuermans, Robert"]
[Black "Van Overdam, Julian"]
[Result "0-1"]
[WhiteElo "2187"]
[BlackElo "2285"]
[PlyCount "72"]
[EventDate "2013.01.05"]

1. e4 c5 2. Nf3 e6 3. d4 cxd4 4. Nxd4 Nf6 5. Nc3 d6 6. g4 h6 7. h4 Be7 8. Rg1
d5 9. Bb5+ Kf8 10. e5 Nfd7 11. Bf4 a6 12. Bxd7 Bxd7 13. h5 Nc6 14. Qd2 Rc8 15.
Nxc6 bxc6 16. Rg3 Rb8 17. Nd1 c5 18. Rb3 d4 19. Rxb8 Qxb8 20. c3 Qb7 21. Qd3
Bb5 22. c4 Bc6 23. Qb3 Qc7 24. f3 g5 25. hxg6 fxg6 26. Qd3 Kg7 27. Bg3 Rf8 28.
f4 Qb7 29. Qb3 g5 30. Nf2 gxf4 31. Qxb7 Bxb7 32. Bh2 Bh4 33. Kf1 Bf3 34. Nd3
Bxg4 35. Nxc5 Bh3+ 36. Kg1 f3 0-1

[Event "Deurne - Anderlecht"]
[Site "?"]
[Date "2013.03.03"]
[Round "10.3"]
[White "Rooze, Jan"]
[Black "Beeckmans, Felix"]
[Result "1-0"]
[WhiteElo "2316"]
[BlackElo "2300"]
[PlyCount "51"]
[EventDate "2013.01.05"]

1. e4 c5 2. Nf3 g6 3. Bc4 Bg7 4. c3 d6 5. d4 Nf6 6. dxc5 Nc6 7. cxd6 exd6 8.
O-O O-O 9. Bf4 Nxe4 10. Re1 Re8 11. Bxf7+ Kxf7 12. Rxe4 Rxe4 13. Ng5+ Kf8 14.
Nxe4 d5 15. Bd6+ Kg8 16. Qxd5+ Kh8 17. Na3 Qe8 18. Bg3 Be6 19. Qb5 a6 20. Qxb7
Bd5 21. Nd6 Qg8 22. c4 Rb8 23. Qc7 Bxb2 24. cxd5 Qxd5 25. Re1 Bxa3 26. Be5+ 1-0

[Event "Deurne - Anderlecht"]
[Site "?"]
[Date "2013.03.03"]
[Round "10.1"]
[White "Froeyman, Helmut"]
[Black "Hetey, Laszlo"]
[Result "1/2-1/2"]
[WhiteElo "2343"]
[BlackElo "2371"]
[PlyCount "44"]
[EventDate "2013.01.05"]

1. e4 e5 2. Nf3 Nc6 3. Bb5 Nf6 4. O-O Nxe4 5. d4 Be7 6. Qe2 Nd6 7. Bxc6 bxc6 8.
dxe5 Nb7 9. Nd4 O-O 10. Nc3 f6 11. e6 c5 12. exd7 cxd4 13. dxc8=Q Rxc8 14. Qc4+
Rf7 15. Ne4 c5 16. b3 f5 17. Nd2 Na5 18. Qd3 Qd5 19. Nc4 Nxc4 20. bxc4 Qc6 21.
Rb1 Bd6 22. Bd2 Qc7 1/2-1/2

[Event "Deurne - Amay"]
[Site "?"]
[Date "2013.02.17"]
[Round "9.8"]
[White "Du Pont, David"]
[Black "Noiroux, Kevin"]
[Result "0-1"]
[WhiteElo "2096"]
[BlackElo "2195"]
[PlyCount "96"]
[EventDate "2013.??.??"]

1. c4 e5 2. g3 Nf6 3. Bg2 Nc6 4. Nc3 Bc5 5. e3 d6 6. Nge2 a6 7. d4 Ba7 8. O-O
O-O 9. h3 Bd7 10. Kh2 Rb8 11. d5 Ne7 12. g4 Bxg4 13. hxg4 Nxg4+ 14. Kg1 Ng6 15.
Bf3 Qh4 16. Bxg4 Qxg4+ 17. Ng3 Qh3 18. Qf3 f5 19. Qh1 Qg4 20. Qh5 Qxh5 21. Nxh5
f4 22. exf4 exf4 23. Ne2 f3 24. Nef4 Rf5 25. Nxg6 Rxh5 26. Nf4 Rg5+ 27. Kh2 Rf8
28. Rg1 Rgf5 29. Be3 Rxf4 30. Bxa7 b6 31. b3 Ra8 32. Bxb6 cxb6 33. Rae1 Rf6 34.
Re7 Rh6+ 35. Kg3 Rg6+ 36. Kh2 Rh6+ 37. Kg3 Rf8 38. Rge1 Rg6+ 39. Kh3 Rh6+ 40.
Kg3 Rg6+ 41. Kh3 h6 42. R1e4 h5 43. Rb7 Rf5 44. Re8+ Kh7 45. Rxb6 Rg1 46. Re3
Rfg5 47. Kh4 R5g4+ 48. Kxh5 g6# 0-1

[Event "Deurne - Amay"]
[Site "?"]
[Date "2013.02.17"]
[Round "9.6"]
[White "Tolk, Pieter"]
[Black "Buscher, Michael"]
[Result "0-1"]
[WhiteElo "2153"]
[BlackElo "2334"]
[PlyCount "72"]
[EventDate "2013.??.??"]

1. d4 Nf6 2. Nf3 g6 3. c4 d6 4. Nc3 Bg7 5. e3 O-O 6. Be2 Nbd7 7. O-O e5 8. Qc2
Re8 9. Rd1 e4 10. Ng5 Qe7 11. f3 exf3 12. Bxf3 Nb6 13. Qb3 h6 14. Nge4 Nxe4 15.
Nxe4 Be6 16. d5 Bf5 17. Nf2 Reb8 18. e4 Bd7 19. Qd3 Na4 20. Rd2 h5 21. Rb1 Be5
22. Bd1 Nc5 23. Qf3 f5 24. b4 Nxe4 25. Re2 Qg7 26. Bb2 Bxb2 27. Rbxb2 Nc3 28.
Red2 Nxd1 29. Qxd1 Re8 30. g3 Re3 31. Rb3 Rae8 32. Rxe3 Rxe3 33. Rd3 Re5 34.
Qd2 Qe7 35. Kg2 Re2 36. Qf4 Qe4+ 0-1

[Event "Deurne - Amay"]
[Site "?"]
[Date "2013.02.17"]
[Round "9.4"]
[White "Minyeyevtsev, Semen"]
[Black "Tan, Matthew"]
[Result "0-1"]
[WhiteElo "2213"]
[BlackElo "2428"]
[PlyCount "104"]
[EventDate "2013.??.??"]

1. d4 Nf6 2. Nf3 c5 3. e3 g6 4. c3 b6 5. Bd3 Bb7 6. Nbd2 Bg7 7. e4 d6 8. O-O
O-O 9. b4 Nbd7 10. Bb2 Qc7 11. Rc1 c4 12. Bb1 e5 13. d5 b5 14. a4 bxa4 15. Qxa4
a5 16. Qd1 Ba6 17. Ba3 Bb5 18. Bc2 axb4 19. Bxb4 Nc5 20. Ra1 Nfd7 21. Qe2 Bh6
22. Rfb1 Rfb8 23. Ne1 Ra7 24. Nf1 Rba8 25. Qd1 Ba4 26. Bxa4 Rxa4 27. Rxa4 Rxa4
28. Qe2 Na6 29. Qd1 Ndc5 30. Ng3 Nb3 31. Nc2 Ra2 32. Nf1 Nac5 33. Bxc5 Nxc5 34.
Nb4 Ra3 35. Qc2 Nb3 36. h3 Qc5 37. Rb2 Ra1 38. Rb1 Qa7 39. Nc6 Qa3 40. Nb4 Nd2
41. Nxd2 Bxd2 42. Kh2 Rxb1 43. Qxb1 Qxc3 44. Nc6 Qb3 45. Qa1 Bf4+ 46. g3 Bxg3+
47. fxg3 c3 48. Qa8+ Kg7 49. Nd8 Qb2+ 50. Kh1 c2 51. Ne6+ fxe6 52. Qa7+ Kh6 0-1

[Event "Deurne - Amay"]
[Site "?"]
[Date "2013.02.17"]
[Round "9.2"]
[White "Sadkowski, Daniel"]
[Black "Burg, Twan"]
[Result "0-1"]
[WhiteElo "2470"]
[BlackElo "2338"]
[PlyCount "84"]
[EventDate "2013.??.??"]

1. c4 e5 2. g3 Nf6 3. Bg2 Nc6 4. Nf3 Bc5 5. O-O d6 6. Nc3 O-O 7. d3 h6 8. a3 a6
9. b4 Ba7 10. Bb2 Nd4 11. e3 Nxf3+ 12. Bxf3 Re8 13. a4 c6 14. a5 Bh3 15. Bg2
Qd7 16. Ne4 Nxe4 17. Bxh3 Qxh3 18. dxe4 Re6 19. Qf3 Rf6 20. Qg2 Qd7 21. Rfd1
Re8 22. Rd3 Rfe6 23. Ba3 Rc8 24. Qf1 c5 25. Rd5 cxb4 26. Bxb4 Rc6 27. Qd3 Qc7
28. Qa3 Rxc4 29. Bxd6 Qc6 30. Rad1 Rxe4 31. Bc5 Ra4 32. Qc1 Bxc5 33. Rxc5 Qe4
34. Qb1 Qxb1 35. Rxb1 Ra2 36. Rxb7 Rf6 37. Rc8+ Kh7 38. Rcc7 Raxf2 39. Rb6 Rf1+
40. Kg2 R6f2+ 41. Kh3 Rh1 42. g4 Rg1 0-1

[Event "CREC - Zottegem"]
[Site "?"]
[Date "2012.12.16"]
[Round "6.8"]
[White "Bauduin, Etienne"]
[Black "Van den Heede, Dorian"]
[Result "1/2-1/2"]
[WhiteElo "2249"]
[BlackElo "2080"]
[PlyCount "33"]
[EventDate "2012.??.??"]

1. c4 f5 2. g3 Nf6 3. Nc3 c6 4. Bg2 d5 5. cxd5 cxd5 6. e3 Nc6 7. Nge2 e6 8. b3
Bb4 9. a3 Ba5 10. Bb2 O-O 11. O-O Bd7 12. Rc1 Qe7 13. b4 Bd8 14. d3 Rc8 15. Qb3
Bc7 16. Na4 b6 17. Bc3 1/2-1/2

[Event "CREC - Zottegem"]
[Site "?"]
[Date "2012.12.16"]
[Round "6.4"]
[White "Saibulatov, Daniyal"]
[Black "Roos, David"]
[Result "1-0"]
[WhiteElo "2344"]
[BlackElo "2164"]
[PlyCount "49"]
[EventDate "2012.??.??"]

1. e4 c5 2. Nf3 d6 3. c3 Nf6 4. h3 Nc6 5. Bd3 e6 6. O-O Be7 7. Bc2 O-O 8. Re1
d5 9. e5 Nd7 10. d4 Re8 11. Nbd2 Qc7 12. Nf1 f6 13. Ng3 g6 14. exf6 Bxf6 15. h4
cxd4 16. cxd4 Nf8 17. h5 e5 18. Bb3 Be6 19. dxe5 Nxe5 20. Ng5 Bxg5 21. Bxg5 Nf7
22. Rc1 Qb6 23. Be3 Qa6 24. Qd4 b6 25. h6 1-0

[Event "CREC - Zottegem"]
[Site "?"]
[Date "2012.12.16"]
[Round "6.2"]
[White "Mullon, Jean-Baptiste"]
[Black "Roos, Adrian"]
[Result "1/2-1/2"]
[WhiteElo "2354"]
[BlackElo "2254"]
[PlyCount "99"]
[EventDate "2012.??.??"]

1. e4 c5 2. Nf3 d6 3. d4 cxd4 4. Qxd4 Nc6 5. Bb5 Bd7 6. Bxc6 Bxc6 7. Nc3 h6 8.
Be3 e5 9. Qd3 Nf6 10. h3 Be7 11. O-O-O Qa5 12. Nd2 b5 13. Nb3 Qa6 14. Kb1 Rb8
15. g4 Nd7 16. Nd5 Bxd5 17. exd5 Qa4 18. Rhe1 O-O 19. g5 hxg5 20. Rg1 f6 21.
Qf5 b4 22. h4 Rf7 23. Rh1 Nf8 24. hxg5 g6 25. gxf6 Bxf6 26. Rdg1 Bg7 27. Qe4 a5
28. c4 Qd7 29. c5 dxc5 30. Nxc5 Qf5 31. Rg5 Qxe4+ 32. Nxe4 Rd7 33. Rd1 Rb5 34.
Bc5 Ne6 35. dxe6 Rxd1+ 36. Kc2 Rd5 37. Be3 Kh7 38. Rg1 a4 39. Bg5 Rb6 40. Rh1+
Kg8 41. e7 Rc6+ 42. Kb1 Kf7 43. b3 Rd4 44. f3 a3 45. Rf1 Rc7 46. Rg1 Rc6 47.
Rf1 Rc8 48. Rg1 Rc6 49. Rh1 Rc7 50. Rf1 1/2-1/2

[Event "CREC - Wirtzfeld"]
[Site "?"]
[Date "2013.02.17"]
[Round "9.7"]
[White "Vidaich, Stéphane"]
[Black "Hautot, Stéphane"]
[Result "0-1"]
[WhiteElo "1947"]
[BlackElo "2381"]
[PlyCount "36"]
[EventDate "2013.??.??"]

1. d4 d5 2. Nf3 Nf6 3. Bf4 c5 4. c3 Nc6 5. e3 Qb6 6. Qb3 c4 7. Qc2 Bf5 8. Qxf5
Qxb2 9. Nfd2 e6 10. Qh3 Qxa1 11. Be2 Ne4 12. O-O Nxd2 13. Nxd2 Qxc3 14. Nf3 Qb2
15. Re1 Bb4 16. Ng5 Nd8 17. Bh5 Bxe1 18. Bxf7+ Ke7 0-1

[Event "CREC - Wirtzfeld"]
[Site "?"]
[Date "2013.02.17"]
[Round "9.1"]
[White "Nikolic, Predrag"]
[Black "Khenkin, Igor"]
[Result "1/2-1/2"]
[WhiteElo "2639"]
[BlackElo "2669"]
[PlyCount "23"]
[EventDate "2013.??.??"]

1. d4 Nf6 2. c4 e6 3. Nf3 d5 4. e3 c5 5. cxd5 exd5 6. dxc5 Bxc5 7. Be2 O-O 8.
O-O Nc6 9. a3 d4 10. b4 Bb6 11. b5 Na5 12. Nxd4 1/2-1/2

[Event "CREC - KGSRL"]
[Site "KGSRL"]
[Date "2013.02.03"]
[Round "8.8"]
[White "Romanelli, Robert"]
[Black "Vanheirzeele, Daniel"]
[Result "1/2-1/2"]
[WhiteElo "1990"]
[BlackElo "2162"]
[PlyCount "29"]
[EventDate "2013.??.??"]

1. e4 c5 2. Nf3 d6 3. d4 cxd4 4. Nxd4 Nf6 5. Nc3 g6 6. Be3 a6 7. Be2 Bg7 8. f4
O-O 9. O-O Nc6 10. Qd2 Bd7 11. a4 Nxd4 12. Bxd4 Bc6 13. a5 e5 14. Bb6 Qd7 15.
fxe5 1/2-1/2

[Event "CREC - KGSRL"]
[Site "KGSRL"]
[Date "2013.02.03"]
[Round "8.6"]
[White "Remy, Joël"]
[Black "Ducarmon, Quinten"]
[Result "0-1"]
[WhiteElo "2048"]
[BlackElo "2382"]
[PlyCount "76"]
[EventDate "2013.??.??"]

1. d4 d5 2. Nf3 Nf6 3. e3 c6 4. Be2 Bf5 5. O-O e6 6. c4 Nbd7 7. Nc3 Bd6 8. b3
O-O 9. Bb2 h6 10. Bd3 Ne4 11. Qc2 Ndf6 12. Ne5 Rc8 13. f3 Nxc3 14. Bxf5 exf5
15. Bxc3 g6 16. Qd2 Re8 17. Rad1 Qc7 18. c5 Bf8 19. a4 h5 20. Qe1 Bh6 21. Rd3
Nd7 22. e4 dxe4 23. fxe4 Rxe5 24. dxe5 Nxc5 25. Rd4 Nxe4 26. Rxe4 fxe4 27. e6
f5 28. Bb2 Qb6+ 29. Kh1 Qxb3 30. Qf2 e3 31. Qe2 Qxe6 32. Qd3 Bg7 33. Bc1 e2 34.
Re1 Re8 35. Bg5 Bf6 36. Bf4 b5 37. axb5 cxb5 38. Qxb5 Bc3 0-1

[Event "CREC - KGSRL"]
[Site "KGSRL"]
[Date "2013.02.03"]
[Round "8.4"]
[White "Laurent, Bruno"]
[Black "Vanderstricht, Geert"]
[Result "1-0"]
[WhiteElo "2339"]
[BlackElo "2412"]
[PlyCount "113"]
[EventDate "2013.??.??"]

1. e4 c5 2. c3 d5 3. exd5 Qxd5 4. Nf3 Nc6 5. d4 Bg4 6. Be2 cxd4 7. cxd4 e6 8.
Nc3 Bb4 9. a3 Bxc3+ 10. bxc3 Nge7 11. h3 Bh5 12. Rb1 Qe4 13. Rxb7 Bxf3 14. gxf3
Qg6 15. Bd3 Qf6 16. Be4 O-O 17. Rg1 h6 18. Qd2 Kh8 19. Qf4 Qxf4 20. Bxf4 Rad8
21. Ke2 Nd5 22. Bxd5 exd5 23. Kd3 g5 24. Be3 Rb8 25. Rgb1 Kg7 26. f4 Kg6 27.
fxg5 hxg5 28. Rxb8 Nxb8 29. Rg1 f6 30. h4 Nd7 31. hxg5 f5 32. Bf4 Rh8 33. Re1
Rh4 34. Bd2 f4 35. Re7 Nb6 36. Rxa7 Rh3+ 37. Ke2 Kxg5 38. Rf7 Rh4 39. Kf3 Rh3+
40. Ke2 Nc4 41. Bxf4+ Kg6 42. Rd7 Kf5 43. Bg3 Ke6 44. Ra7 Rh1 45. a4 Rc1 46. a5
Rc2+ 47. Kd1 Rxc3 48. a6 Rd3+ 49. Kc2 Rxd4 50. Rb7 Rd2+ 51. Kc3 Ra2 52. a7 Nd2
53. Bf4 Ne4+ 54. Kb3 Ra6 55. Be3 d4 56. Bxd4 Nd6 57. Rb8 1-0

[Event "CREC - KGSRL"]
[Site "KGSRL"]
[Date "2013.02.03"]
[Round "8.2"]
[White "Eliet, Nicolas"]
[Black "Michiels, Bart"]
[Result "1/2-1/2"]
[WhiteElo "2349"]
[BlackElo "2505"]
[PlyCount "41"]
[EventDate "2013.??.??"]

1. d4 Nf6 2. Nf3 e6 3. e3 b6 4. Bd3 d5 5. b3 c5 6. Bb2 cxd4 7. exd4 Bd6 8. Nbd2
Bb7 9. O-O O-O 10. Qe2 Nc6 11. a3 Bf4 12. Rfe1 Re8 13. Rad1 Rc8 14. Ne5 Qe7 15.
Qf3 Bh6 16. Qh3 Nxe5 17. dxe5 Ne4 18. Nf3 Nc5 19. Bb5 Rf8 20. Nd4 Ba6 21. a4
1/2-1/2